| 000 | 00000nam##2200000za#4500 |
| 001 | 9.624435 |
| 003 | CaOODSP |
| 005 | 20200327180636 |
| 007 | ta |
| 008 | 150406|1997||||xxc||||| f|0| 0 fre|d |
| 020 | |a0-662-82171-8 |
| 022 | |a1484-2815 |
| 040 | |aCaOODSP|bfre |
| 043 | |an-cn--- |
| 086 | 1 |aFo29-47/2-1997F |
| 110 | 1 |aCanada.|bRessources naturelles Canada. |bService canadien des forêts. |
| 245 | 14|aUne méthode d'évaluation sur le terrain des débris ligneux grossiers|cpar S. W. Taylor. |
| 260 | |aOttawa - Ontario : |bRessources naturelles Canada. |c1997. |
| 300 | |a6p. : |btableaux ; |c28 cm. |
| 490 | 1 |aNotes de transfert technologique|x1484-2815|v2 |
| 504 | |aBibliographie. |
| 563 | |aDépliant |
| 590 | |a97-41|b1997-10-10 |
| 720 | 1 |aTaylor, S. W. |
| 776 | 0#|tUne méthode d'évaluation sur le terrain des débris ligneux grossiers|w(CaOODSP)9.604807 |
| 830 | #0|aNotes de transfert technologique,|x1484-2815|v2|w(CaOODSP)9.513024 |